|
|
|
|
| LEADER |
00000cam a2200000 7i4500 |
| 001 |
0000000382 |
| 008 |
021118s1992 |
| 020 |
|
|
|a 983622906X
|
| 090 |
0 |
0 |
|a PN51
|b .S4 1992
|
| 100 |
0 |
|
|a Shahnon Ahmad
|d 1933-2017
|e author
|
| 245 |
0 |
0 |
|a Kesusasterawanan : kepolitikan, kealaman, kemanusiaan
|c Shahnon Ahmad
|
| 260 |
2 |
|
|a Kuala Lumpur
|b Dewan Bahasa dan Pustaka
|c 1992
|
| 300 |
|
|
|a xii, 183 ms. ;
|c 22 sm.
|
| 650 |
|
0 |
|a Humanism in literature
|
| 650 |
|
0 |
|a Malay literature
|x History and criticism
|
| 650 |
|
0 |
|a Nature in literature
|
| 650 |
|
0 |
|a Politics and literature
|
| 650 |
|
0 |
|a Self in literature
|
| 999 |
|
|
|a 1000045265
|b Book
|c OPEN SHELF (30 DAYS)
|e Gong Badak Campus
|
| 999 |
|
|
|a 1000045266
|b Book
|c OPEN SHELF (30 DAYS)
|e Gong Badak Campus
|